000 00658nam a22001817a 4500
003 UA-OsUOA
001 14766
007 ta
008 20031019b un ||||| |||| 00| 0 ukr d
100 _aДейнер В.
942 _cSA
040 _aUA-OsUOA
_cUA-OsUOA
_dUA-OsUOA
245 _aПрацю на ринку диктують умови... ринку: [Про роботу Костопіл. ЗАТ "Ринок" розповідає його дир. В. М. Дейнер]
300 _aС.3
955 _a0
773 0 _w0
_tВічеве слово
_dКостопіль
_d2003
_g№37/ 13 верес./
650 7 _aКраєзнавча робота
_2UDC
999 _c300930
_d300930